000 00915nam a2200277 a 4500
999 _c7479
_d7479
001 991051865119706706
003 OSt
005 20211201141211.0
008 990915s1988 sp a || 000 ||spa|c
020 _a848630525X
035 _a(ES-BaCBU)b23708116-34csuc_network
035 _a(ES-BaCBU).b23708116
035 _a(ccuc001)b23708116
040 _aES-BaCBU
_bcat
_cCDMR
080 _a05(46)
245 0 3 _aLa Codorniz :
_bantología 1944-1950 /
_c[asesoramiento Chumy Chumez ; selección José Manuel Salcedo ; maqueta Concha Langle, Eloy G. Tizón]
260 _aMadrid :
_bArnao,
_cDL 1988
300 _a255 p. :
_bil.;
_c21 cm
630 0 _94750
_aLa Codorniz (Revista)
650 0 _93162
_aHumorisme gràfic
_zEspanya
_xHistòria
700 1 _92681
_aChumez, Chumy
907 _a.b23708116
_b26-02-21
_c08-05-08
_d15-09-99
_em
_fa
_g-
_hspa
_isp
_j3
_k1
908 _aURV
940 _aUAB
942 _2udc
_cMON